000 00717nam a22002057a 4500
999 _c62296
_d62296
005 20240919160826.0
008 240919s2021 enk||||| |||| 00| 0 eng d
020 _a9798485400699x
041 _aeng
080 _a612.6 K-11
100 _aKazzazi, Fawz
_923247
245 _aEmbryology Explained: A Comprehensive Embryology Textbook for Medical Students & Junior Doctors /
_cFawz Kazzazi, Diana Kazzazi, Danny Kazzazi.
264 _c2021.
300 _a196 p.:
_bill.;
_c26 cm.
653 _aემბრიოლოგია
653 _aმედიცინა
700 _aKazzazi, Diana
_eავტორი
_923248
700 _aDanny Kazzazi.
_eავტორი
_923249
942 _2udc
_cᲬᲘᲒᲜᲘ